书目信息 |
| 题名: |
公差配合与技术测量
|
|
| 作者: | 赵美卿 , 王凤娟 主编 | |
| 分册: | ||
| 出版信息: | 北京 冶金工业出版社 2008 |
|
| 页数: | 191页 | |
| 开本: | 26cm | |
| 丛书名: | ||
| 单 册: | ||
| 中图分类: | TG801 | |
| 科图分类: | ||
| 主题词: | 公差--教材--高等教育--配合 , 技术测量--教材--高等教育 | |
| 电子资源: | ||
| ISBN: | 978-7-5024-4685-7 | |
| 000 | 00964nam0 2200253 450 | |
| 001 | 453 | |
| 005 | 20160905102129.31 | |
| 010 | @a978-7-5024-4685-7@dCNY24.00 | |
| 100 | @a20090213d2008 em y0chiy50 ea | |
| 101 | 0 | @achi |
| 102 | @aCN@b110000 | |
| 105 | @aa z 000yy | |
| 200 | 1 | @a公差配合与技术测量@9gong cha pei he yu ji shu ce liang@f赵美卿,王凤娟主编 |
| 210 | @a北京@c冶金工业出版社@d2008 | |
| 215 | @a191页@c图@d26cm | |
| 300 | @a高职高专“十一五”规划教材 机械电子类 | |
| 330 | @a本书主要包括极限与配合、测量技术基础、形状和位置公差及检测、表面粗糙度及测量、光滑极限量规、滚动轴承的互换性、螺纹的公差配合及测量、键和花键的公差与配合、圆柱齿轮传动的精度及测量和尺寸链等内容。 | |
| 606 | 0 | @a公差@j教材@x高等教育@x配合 |
| 606 | 0 | @a技术测量@j教材@x高等教育 |
| 690 | @aTG801@v4 | |
| 701 | 0 | @a赵美卿@9zhao mei qing@4主编 |
| 701 | 0 | @a王凤娟@9wang feng juan@c(机电)@4主编 |
| 801 | 0 | @aCN@b唐山师范学院图书馆@c20160722 |
| 905 | @aZUCC@dTG801@e17 | |
| 公差配合与技术测量/赵美卿,王凤娟主编.-北京:冶金工业出版社,2008 |
| 191页:图;26cm |
| 高职高专“十一五”规划教材 机械电子类 |
| ISBN 978-7-5024-4685-7:CNY24.00 |
| 本书主要包括极限与配合、测量技术基础、形状和位置公差及检测、表面粗糙度及测量、光滑极限量规、滚动轴承的互换性、螺纹的公差配合及测量、键和花键的公差与配合、圆柱齿轮传动的精度及测量和尺寸链等内容。 |
| ● |
| 相关链接 |
|
|
|
|
正题名:公差配合与技术测量
索取号:TG801/17
 
预约/预借
| 序号 | 登录号 | 条形码 | 馆藏地/架位号 | 状态 | 备注 |
| 1 | 901898 | 209018980 | 第二样本阅览室/ [索取号:TG801/17] | 在馆 | |
| 2 | 901899 | 209018999 | 第三借阅区/ [索取号:TG801/17] | 在馆 | |
| 3 | 901900 | 209019006 | 第三借阅区/ [索取号:TG801/17] | 在馆 | |
| 4 | 901901 | 209019015 | 第三借阅区/ [索取号:TG801/17] | 在馆 | |
| 5 | 901902 | 209019024 | 第三借阅区/ [索取号:TG801/17] | 在馆 |